|
|
|
|
| LEADER |
00000nam0a2200000 4500 |
| 001 |
156657 |
| 005 |
20231031153311.0 |
| 010 |
|
|
|a 5020066850
|
| 035 |
|
|
|a (RuTPU)RU\TPU\book\169903
|
| 090 |
|
|
|a 156657
|
| 100 |
|
|
|a 20090330d1990 k y0rusy50 ca
|
| 101 |
0 |
|
|a rus
|
| 102 |
|
|
|a RU
|
| 105 |
|
|
|a a z 001zy
|
| 200 |
1 |
|
|a Коронный разряд и линии сверхвысокого напряжения
|e избранные труды
|f В. И. Попков
|g Академия наук СССР (АН СССР); под ред. Н. Н. Тиходеева
|
| 210 |
|
|
|a Москва
|c Наука
|d 1990
|
| 215 |
|
|
|a 256 с.
|c ил.
|
| 320 |
|
|
|a Библиография в конце глав.
|
| 610 |
1 |
|
|a коронный разряд
|
| 610 |
1 |
|
|a высоковольтные линии
|
| 610 |
1 |
|
|a электроэнергия
|
| 610 |
1 |
|
|a потери
|
| 610 |
1 |
|
|a постоянный ток
|
| 610 |
1 |
|
|a переменный ток
|
| 610 |
1 |
|
|a корона
|
| 610 |
1 |
|
|a пробой
|
| 610 |
1 |
|
|a радиопомехи
|
| 610 |
1 |
|
|a факельные разряды
|
| 610 |
1 |
|
|a электронно-ионная технология
|
| 675 |
|
|
|a 621.315.1.015
|v 3
|
| 700 |
|
1 |
|a Попков
|b В. И.
|g Валерий Иванович
|
| 702 |
|
1 |
|a Тиходеев
|b Н. Н.
|4 340
|
| 712 |
0 |
2 |
|a Академия наук СССР (АН СССР)
|2 stltpush
|3 (RuTPU)RU\TPU\col\722
|
| 801 |
|
1 |
|a RU
|b 63413507
|c 20090330
|g PSBO
|
| 801 |
|
2 |
|a RU
|b 63413507
|c 20180301
|g RCR
|
| 942 |
|
|
|c BK
|